000 00402nam a2200157Ia 4500
008 240729s9999 xx 000 0 und d
022 _a2630-7111
245 4 _aThe Bioscientist
260 _aNigeria
260 _bFaculty of Biosciences
650 _a Biology (General)
650 _aScience
856 _uhttps://doaj.org/toc/8d2d55feb2794faa9a4bcca6e4c4d7f5
942 _2ddc
942 _cDOAJEJ
999 _c70115
_d70115
945 _a1
_bMadushi Gamage
_c1
_dMadushi Gamage